Introduction To Machine Design / (Record no. 33816)

000 -LEADER
fixed length control field 00536nam a22002177a 4500
003 - CONTROL NUMBER IDENTIFIER
control field Nust
005 - DATE AND TIME OF LATEST TRANSACTION
control field 20211103113949.0
008 - FIXED-LENGTH DATA ELEMENTS--GENERAL INFORMATION
fixed length control field 170220b xxu||||| |||| 00| 0 eng d
020 ## - INTERNATIONAL STANDARD BOOK NUMBER
International Standard Book Number 978-1-25-900636-4
038 ## - RECORD CONTENT LICENSOR
Staff Name khadija
040 ## - CATALOGING SOURCE
Transcribing agency c
082 ## - DEWEY DECIMAL CLASSIFICATION NUMBER
Classification number 621.815
Author Mark BHA
100 ## - MAIN ENTRY--PERSONAL NAME
Personal name Bhandari, V.B.
9 (RLIN) 59935
245 ## - TITLE STATEMENT
Title Introduction To Machine Design /
Statement of responsibility, etc. V B Bhandari
250 ## - EDITION STATEMENT
Edition statement 2nd ed.
260 ## - PUBLICATION, DISTRIBUTION, ETC.
Place of publication, distribution, etc. New Delhi :
Name of publisher, distributor, etc. McGraw Hill,
Date of publication, distribution, etc. 2015.
300 ## - PHYSICAL DESCRIPTION
Extent 645 p. ;
Other physical details 22 cm.
500 ## - GENERAL NOTE
General note Paperback.
563 ## - BINDING INFORMATION
Binding note PB
942 ## - ADDED ENTRY ELEMENTS (KOHA)
Koha item type Book
Source of classification or shelving scheme
Holdings
Withdrawn status Lost status Source of classification or shelving scheme Damaged status Not for loan Permanent Location Current Location Shelving location Date acquired Total Checkouts Full call number Barcode Date last seen Date last checked out Price effective from Koha item type
          School of Mechanical & Manufacturing Engineering (SMME) School of Mechanical & Manufacturing Engineering (SMME) General Stacks 05/17/2016 1 621.815 BHA SMME-3104 12/30/2025 12/02/2025 05/17/2016 Book
© 2023 Central Library, National University of Sciences and Technology. All Rights Reserved.